| 000 | 00392nam a2200145 a 4500 | ||
|---|---|---|---|
| 005 | 20140412111424.0 | ||
| 008 | 080201s19uu xx 00 eng d | ||
| 020 | _a0-307-96037-4 | ||
| 050 |
_aTR(PS E _bSe8 2002 |
||
| 100 | _aBrown, Margaret Wise | ||
| 245 |
_aSeven little postmen / _cMargaret Wise Brown. |
||
| 260 |
_aU.S.A : _bA Golden book, _c2002. |
||
| 650 | _aMail | ||
| 999 |
_c106171 _d106171 |
||